Slope failure hazards : a spatial and temporal study of the Klang Valley region, Peninsular Malaysia /
Saved in:
| Main Author: | |
|---|---|
| Format: | Thesis Book |
| Language: | English |
| Published: |
2012.
|
| Subjects: | |
| Tags: |
Add Tag
No Tags, Be the first to tag this record!
|
| LEADER | 01052cam a2200265 a 4500 | ||
|---|---|---|---|
| 001 | u853849 | ||
| 003 | SIRSI | ||
| 005 | 201203281655 | ||
| 008 | 120328s2012 my a t 000 0 eng u | ||
| 040 | |a UMM | ||
| 043 | |a a-my-se | ||
| 090 | |a G59 |b UMP 2012 Tha | ||
| 100 | 0 | |a Thanapackiam Periasamy. | |
| 245 | 1 | 0 | |a Slope failure hazards : |b a spatial and temporal study of the Klang Valley region, Peninsular Malaysia / |c Thanapackiam Periasamy. |
| 260 | |c 2012. | ||
| 300 | |a [2] xx, 309 leaves : |b ill. ; |c 30 cm. | ||
| 502 | |a Thesis (Ph.D) -- Jabatan Geografi, Fakulti Sastera dan Sains Sosial, Universiti Malaya, 2012. | ||
| 504 | |a Bibliography: leaves 279-309. | ||
| 650 | 0 | |a Landslides |z Klang Valley (Selangor). | |
| 650 | 0 | |a Landslide hazard analysis |z Klang Valley (Selangor). | |
| 650 | 0 | |a Rock slopes |z Klang Valley (Selangor) |x Analysis. | |
| 710 | 2 | |a Universiti Malaya. |b Jabatan Geografi. | |
| 596 | |a 1 | ||
| 900 | |a NHS-ZA | ||
| 999 | |a G59 UMP 2012 THA |w LC |c 1 |i A514967319 |d 7/5/2019 |e 7/5/2019 |f 29/6/2012 |g 1 |l STACKS |m P01UTAMA |n 17 |r Y |s Y |t TESIS |u 29/6/2012 | ||
